000 00597nam a22002057a 4500
003 0
005 20251113133912.0
008 251113b xxu||||| |||| 00| 0 eng d
020 _a978-1-85424-974-6
050 _aPS 6119
_b.S73 2010
100 _aStarr, Mel,
_eauthor.
245 _aA Trail of ink /
_cMel Starr.
260 _aOxford, UK :
_bMonarch Books,
_c2010.
300 _a240 pages ;
_c22 cm.
650 _aMystery fiction.
650 _aSurgeons
_xFiction.
650 _aMurder
_xInvestigation
_vFiction.
650 _aSingleton, Hugh (Fictitious character)
_xFiction.
942 _2lcc
_cBK
999 _c368625
_d368625